000 00485nam a22001697a 4500
003 OSt
005 20251211100630.0
008 251211b |||||||| |||| 00| 0 eng d
020 _a9781138086500
040 _aLC
_cJCSC
050 _aJZ 6370
_b.D44 2016
245 _aDEFENSE SPENDING ,NATURAL RESOURCES AND CONFLICT /
_cEdited by Christos Kollias and Hamid E.Ali
260 _aLondon :
_bRoutledge ;
_c2016.
300 _a135 pages.
504 _aincludes index.
942 _2lcc
_cBK
_n0
999 _c23215
_d23214